Popov and the beginnings of radiotelegraphy

Na minha lista:
Detalhes bibliográficos
Autor principal: Susskind, Charles
Formato: Livro
Idioma:Undetermined
Publicado em: San Francisco, CA. San Francisco Press 1962
Assuntos:
Tags: Adicionar Tag
Sem tags, seja o primeiro a adicionar uma tag!
Thư viện lưu trữ: Trung tâm Học liệu Trường Đại học Cần Thơ
LEADER 00506nam a2200181Ia 4500
001 CTU_107094
008 210402s9999 xx 000 0 und d
082 |a 621.384 
082 |b S964 
100 |a Susskind, Charles 
245 0 |a Popov and the beginnings of radiotelegraphy 
245 0 |c Charles Susskind 
260 |a San Francisco, CA. 
260 |b San Francisco Press 
260 |c 1962 
650 |a Telegraph, wireless 
904 |i Minh 
980 |a Trung tâm Học liệu Trường Đại học Cần Thơ